|
|
|
|
| LEADER |
00000nab a2200000 a 4500 |
| 001 |
vtls000830761 |
| 003 |
SK-MaSNL |
| 005 |
20260304120614.0 |
| 008 |
250429c2003 xo 0 slo |
| 015 |
|
|
|a SNBRB2003/04-10337
|
| 035 |
|
|
|a CLN000182416
|
| 035 |
|
|
|a urn:nbn:sk:snk-ab1jtv
|
| 035 |
|
|
|a (urnnbn)urn:nbn:sk:snk:ar-004aqs
|
| 035 |
|
|
|a (uuid)478f7a71-ca1b-4405-bf61-5203987f1fff
|
| 040 |
|
|
|a SNKBUCL
|b slo
|c SNKBUCL
|e AACR2
|
| 041 |
0 |
|
|a slo
|
| 044 |
|
|
|a xo
|c SK
|
| 080 |
|
|
|a 949.65-051"19"
|2 1997
|
| 080 |
|
|
|a 929 Geraldina, kráľovná albánska
|2 1997
|
| 100 |
1 |
|
|a Ďurič, Igor,
|d 1964-
|4 aut
|9 237860
|
| 245 |
1 |
0 |
|a Geraldina Apponyi z Oponíc
|b prvá a jediná kráľovná Albánska
|c Igor Ďurič
|
| 300 |
|
|
|b Fotogr.
|
| 600 |
0 |
7 |
|a Geraldina
|c kráľovná albánska
|d 1915-2002
|2 snkbucl
|9 1424729
|
| 655 |
|
7 |
|a články z novín a časopisov
|2 snkbucl
|9 267496
|
| 773 |
0 |
|
|t Historická revue
|g Roč. 14, č. 2 (2003), s. 30-32
|x 1335-6550
|
| 850 |
|
|
|a Slovenská národná knižnica
|
| 852 |
|
|
|a Slovenská národná knižnica
|
| 954 |
|
|
|a odborná, vedecká literatúra pôvodná (slovenská)
|2 lita
|
| 958 |
|
|
|a article27
|
| 958 |
|
|
|a AL
|
| 958 |
|
|
|a BC
|
| 958 |
|
|
|a OND
|
| 958 |
|
|
|a EUIPO
|
| 992 |
|
|
|a RBX
|
| 999 |
|
|
|c 2880821
|d 2882751
|